| 000 | 01688nam a22004457a 4500 | ||
|---|---|---|---|
| 003 | CHAP | ||
| 005 | 20220329143536.0 | ||
| 008 | 100428s2009 mx a r 00010 spa d | ||
| 010 | _a98279 | ||
| 011 | _a99251 | ||
| 035 | _a109936 | ||
| 040 | _cCHAP | ||
| 090 | _aTesis | ||
| 100 | 1 |
_aBueno Gómez, Benita del Rosario. _915961 |
|
| 245 | 1 | 0 |
_aAclimatación de plántulas de anturio (Anthurium andreanum L.) propagadas in vitro _c/por Benita del Rosario Bueno Gómez |
| 260 |
_aChapingo, Méx. : _bEl autor, _c2009 |
||
| 300 |
_axiii, 121 h. : _bcuadros, gráfs. |
||
| 502 | _aTesis (Ing. Agr. Esp. en Fitotecnia) -- UACH. Departamento de Fitotecnia | ||
| 530 | _aTambién disponible en línea | ||
| 590 |
_aALEPH _b10 _c20130110 _lUCH01 _h1534 |
||
| 590 |
_aBATCH-UPD _b10 _c20130110 _lUCH01 _h1602 |
||
| 590 |
_aBATCH-UPD _b10 _c20130410 _lUCH01 _h0959 |
||
| 590 |
_aBATCH-UPD _b10 _c20130914 _lUCH01 _h0316 |
||
| 590 |
_aBATCH-UPD _b10 _c20140324 _lUCH01 _h1516 |
||
| 590 |
_aBATCH-UPD _b10 _c20141002 _lUCH01 _h0843 |
||
| 590 |
_aBATCH _b00 _c20181121 _lUCH01 _h0759 |
||
| 590 |
_aCONVERSION _b10 _c20130109 _lUCH01 _h1354 |
||
| 650 | 1 | 4 |
_aAclimatación vegetal. _9619 |
| 650 | 1 | 4 |
_aAnturio _xFisiologia y morfologia. _96154 |
| 650 | 1 | 4 |
_aCultivos en invernadero. _930376 |
| 650 | 1 | 4 |
_aPlántulas. _989193 |
| 650 | 1 | 4 |
_aPropagación de plantas. _992417 |
| 650 | 1 | 4 |
_aSustratos. _9110789 |
| 856 |
_3Finding aid _uhttp://10.13.5.2/tesis/109936.pdf _zTeclea aqui |
||
| 856 |
_a1 _n0001052 |
||
| 901 | _aBK | ||
| 942 | _cFOLL | ||
| 949 |
_aTesis _bBC _cTES _d33724002117371 _eTS1 _gDonaciØn _h50424 _i109936 _sb |
||
| 949 |
_aTesis _bBC _cTES _d33724002117413 _eTS2 _fc.2 _gDonaciØn _h50425 _i109936 _si |
||
| 999 |
_c98279 _d98279 |
||